000 00545nam a2200181Ia 4500
008 100921s9999 xx 000 0 und d
082 _b19217
_a891.463 थ 85
100 _aहरकारे अरूण.
245 _aकरारी.
260 _bमनोरमा प्रकाशन,मुंबई.
_c1985
300 _a218
_b---
365 _b48
520 _aललित-कादंबरी.
630 _aकरारी.
650 _aललित-कादंबरी.
730 _aकरारी.
942 _cBOOK
999 _c768330
_d768327